| 000 | 00371nam a2200145Ia 4500 | ||
|---|---|---|---|
| 008 | 210312s9999||||xx |||||||||||||| ||und|| | ||
| 041 | _aosm | ||
| 050 | _aPT1891.C26 | ||
| 050 | _bH39 | ||
| 100 | _aGoethe, Johann Wolfgang von | ||
| 245 | 0 | _aHayatın ilavesi | |
| 245 | 0 | _bGoethe'nin şah eseri | |
| 260 | _c1926 | ||
| 650 | _aEdebiyat--Alman edebiyatı--Roman ve hikaye | ||
| 999 |
_c22303 _d22303 |
||